Books Sent to the Editor (notice n° 1576280)
[ vue normale ]
| 000 -LEADER | |
|---|---|
| fixed length control field | 01111cam a2200157 4500500 |
| 005 - DATE AND TIME OF LATEST TRANSACTION | |
| control field | 20251214035235.0 |
| 041 ## - LANGUAGE CODE | |
| Language code of text/sound track or separate title | fre |
| 042 ## - AUTHENTICATION CODE | |
| Authentication code | dc |
| 100 10 - MAIN ENTRY--PERSONAL NAME | |
| Personal name | Blanc-Brude, Gilles |
| Relator term | author |
| 245 00 - TITLE STATEMENT | |
| Title | Books Sent to the Editor |
| 260 ## - PUBLICATION, DISTRIBUTION, ETC. | |
| Date of publication, distribution, etc. | 2025.<br/> |
| 500 ## - GENERAL NOTE | |
| General note | 17 |
| 520 ## - SUMMARY, ETC. | |
| Summary, etc. | Sartre and Patočka’s reflections on the ego and the body enable us to raise and rethink the problem of the individual’s relationship to the world. Despite the opposition of their perspectives, Sartrean subjectivism and Patočkian asubjectivism converge in the importance they both ascribe to the body within human experience. What’s more, human experience is not exhausted in the horizontal dimension of its relation to the world and, to be fully grasped, needs to be expanded in the direction of a verticalization, which can be made manifest by the concept of desire. |
| 786 0# - DATA SOURCE ENTRY | |
| Note | Revue philosophique de la France et de l’étranger | 254 | 4 | 2025-10-31 | p. 593-594 | 0035-3833 |
| 856 41 - ELECTRONIC LOCATION AND ACCESS | |
| Uniform Resource Identifier | <a href="https://shs.cairn.info/journal-revue-philosophique-de-la-france-et-de-letranger-2025-4-page-593?lang=en&redirect-ssocas=7080">https://shs.cairn.info/journal-revue-philosophique-de-la-france-et-de-letranger-2025-4-page-593?lang=en&redirect-ssocas=7080</a> |
Pas d'exemplaire disponible.




Réseaux sociaux